| 000 | 00699nam a22001937a 4500 | ||
|---|---|---|---|
| 005 | 20100813143932.0 | ||
| 010 | _aENG-100242 | ||
| 020 |
_a9788189884833 _c395.00 |
||
| 035 | _aEN-83774 | ||
| 037 | _bDBAD/PUB | ||
| 082 | _a070.4 | ||
| 245 |
_aMissing half the story : _bjournalism as if gender matters / _cedited by Kalpana Sharma |
||
| 260 |
_aNew Delhi _bZubaan _c2010 |
||
| 270 |
_a128 B Shahpur Jat, 1st floor _bNew Delhi _e110049 |
||
| 300 |
_axx,296p. _c22cm (pbk) |
||
| 650 |
_aTournalism _912746 |
||
| 942 |
_2ddc _cEN _h070.4 _mMIS |
||
| 999 |
_c41655 _d41655 |
||